Perdices (Record no. 188863)

MARC details
000 -LEADER
campo de control de longitud fija 00943nam a2200241 i 4500
001 - NÚMERO DE CONTROL
campo de control 188863
003 - IDENTIFICADOR DE NÚMERO DE CONTROL
campo de control SpMaBN
005 - FECHA Y HORA DE LA ÚLTIMA TRANSACCIÓN
campo de control 20240102130701.0
008 - DATOS DE LONGITUD FIJA--INFORMACIÓN GENERAL
campo de control de longitud fija 190219s1983 sp a |||| | spa d
020 ## - NÚMERO INTERNACIONAL ESTÁNDAR DEL LIBRO
Número Internacional Estándar del Libro 84-255-0657-3
080 ## - NÚMERO DE LA CLASIFICACIÓN DECIMAL UNIVERSAL
Número de la Clasificación Decimal Universal 639.124
100 1# - ENTRADA PRINCIPAL--NOMBRE DE PERSONA
Nombre de persona Vaquero Amor, Damián Fermín.
9 (RLIN) 166375
245 10 - MENCIÓN DEL TÍTULO
Título Perdices
Resto del título : manual práctico de su cría, enseñanza y caza /
Mención de responsabilidad, etc. por Damián Fermín Vaquero Amor ; prólogo por Juan de Córdoba.
260 ## - PUBLICACIÓN, DISTRIBUCIÓN, ETC.
Lugar de publicación, distribución, etc. Barcelona :
Nombre del editor, distribuidor, etc. Hispano Europea,
Fecha de publicación, distribución, etc. [1983]
300 ## - DESCRIPCIÓN FÍSICA
Extensión 289 p. :
Otras características físicas il. ;
Dimensiones 22 cm.
490 1# - MENCIÓN DE SERIE
Mención de serie Herakles.
-- Biblioteca enciclopédica de los deportes.
-- Serie C-caza
599 ## - NOTA A LAS ILUSTRACIONES
NOTA A LAS ILUSTRACIONES En port.: Con 31 ilustraciones fotográficas y 5 dibujos.
650 #7 - PUNTO DE ACCESO ADICIONAL DE MATERIA--TÉRMINO DE MATERIA
Término de materia o nombre geográfico como elemento de entrada Perdices.
9 (RLIN) 166376
830 0# - PUNTO DE ACCESO ADICIONAL DE SERIE-TÍTULO UNIFORME
Título uniforme Herakles.
-- Biblioteca enciclopédica de los deportes.
-- Serie C-caza
9 (RLIN) 225733
852 ## - LOCALIZACIÓN
Ubicación ES-MaACL
Número de control de estantería A-14367
itemnumber 195997
Sublocalización o colección R.151479
Ubicación en estantería Depósito 1
Signatura antigua Olim: N-7367
942 ## - ELEMENTOS DE ENTRADA SECUNDARIOS (KOHA)
Fuente del sistema de clasificación o colocación Clasificación decimal universal
Holdings
Estatus retirado Estado de pérdida Fuente del sistema de clasificación o colocación Estado de daño No para préstamo Biblioteca de origen Biblioteca actual Ubicación en estantería Fecha de adquisición Fuente de adquisición Total de préstamos Signatura topográfica completa Código de barras Visto por última vez Precio de reemplazo Tipo de ítem Koha
    Clasificación decimal universal     Biblioteca del Ateneo de Madrid Biblioteca del Ateneo de Madrid Depósito 1 19/02/2019 Donación   A-14367 1199999 23/02/2023 23/02/2023 Libro impreso